000 00837nab a2200253 u 4500
001 17614
003 HDC
007 cr bn ---aaaaa
008 210224c20070827xx dr|noo 0 a eng d
040 _aHDC
100 _aMathiason, Nick
_eauthor
_916930
245 0 _aMeet the sons and daughters of invention / by
_cNick Mathiason
260 _a[No place] :
_b[publisher not identified],
_c2007
336 _atext
_2rdacontent
337 _acomputer
_2rdamedia
338 _aonline resource
_2rdacarrier
650 _aentrepreneurs
_951
650 _amanufacturing
_96813
710 _aHalal focus
856 _zRequest full-text at [email protected]
942 _2lcc
942 _cNEWS
942 _kNWSO 005975
999 _c14930
_d14930